Statistics for pov lyrics - Ariana Grande

Click here to take the quiz!

General Stats

  • This quiz has been taken 328 times
  • The average score is 293 of 356

Answer Stats

HintAnswer% Correct
I
100%
i
100%
you
100%
me
98%
to
98%
my
97%
of
96%
see
96%
the
96%
like
95%
love
95%
from
94%
got
93%
point
93%
view
93%
your
93%
it
92%
way
92%
in
91%
that
91%
wanna
91%
do
90%
its
90%
all
89%
and
89%
hours
89%
superpowers
89%
pretty
88%
too
88%
be
87%
for
87%
turn
87%
ugly
87%
id
85%
i'd
85%
into
85%
minutes
85%
than
84%
20
82%
better
80%
trust
80%
babe
79%
cause
79%
know
79%
not
79%
ever
78%
nobody
78%
(ooh)ooh
78%
more
76%
can
75%
keep
74%
im
73%
can't
72%
out
72%
through
72%
loved
71%
nothing
71%
glass
70%
made
69%
touch
69%
myself
67%
outside
67%
ego
65%
pride
65%
seem
64%
believe
63%
how
63%
youve
61%
couldnt
56%
they
56%
getting
54%
is
54%
soul
53%
(ima)ima
52%
lips
52%
scared
52%
leaving
51%
at
50%
say
50%
things
50%
afraid
49%
even
49%
falling
49%
right
49%
though
49%
waiting
49%
always
48%
been
48%
good
48%
still
48%
what
48%
mine
47%
slowly
47%
won't
47%
weve
46%
yeah
46%
grateful
45%
feel
44%
receiving
44%
frozen
43%
learning
43%
or
43%
now
40%
but
39%
starting
39%
baggage
37%
if
37%
permeate
37%
subside
37%
eyes
36%
far
35%
here
35%
them
35%
baby
33%
impatient
33%
let
33%
safely
32%
fading
30%
stray
29%
deceive
26%
thawing
21%

Score Distribution

Percentile by Number Answered

Percent of People with Each Score

Your Score History

You have not taken this quiz